000 00384nam a22001577a 4500
003 MPLRDC
005 20220104123907.0
008 210129b ||||| |||| 00| 0 eng d
082 _a494.73 HBS
100 _a黄柏松编著
245 _a公司危机突破法
_c
260 _a
_b新风公司
_c
300 _b
650 _a经营分析; 经营管理
942 _cBK
_o494.73 HBS
999 _c15025
_d15015